<?xml version="1.0" encoding="UTF-8"?>
<record
    xmlns:xsi="http://www.w3.org/2001/XMLSchema-instance"
    xsi:schemaLocation="http://www.loc.gov/MARC21/slim http://www.loc.gov/standards/marcxml/schema/MARC21slim.xsd"
    xmlns="http://www.loc.gov/MARC21/slim">

  <leader>01172nam a2200253Ia 4500</leader>
  <datafield tag="999" ind1=" " ind2=" ">
    <subfield code="c">34716</subfield>
    <subfield code="d">34716</subfield>
  </datafield>
  <controlfield tag="001">503</controlfield>
  <controlfield tag="003">GE_BSU</controlfield>
  <controlfield tag="005">20200421200138.0</controlfield>
  <controlfield tag="008">181216s2008||||ge |||||||||||||| ||geo||</controlfield>
  <datafield tag="020" ind1=" " ind2=" ">
    <subfield code="a">9789994097586</subfield>
  </datafield>
  <datafield tag="040" ind1=" " ind2=" ">
    <subfield code="c">GE_BSU</subfield>
  </datafield>
  <datafield tag="041" ind1=" " ind2=" ">
    <subfield code="a">geo</subfield>
  </datafield>
  <datafield tag="080" ind1=" " ind2=" ">
    <subfield code="a">616(075.8)+616.3(075.8)+613.62(075.8)615.874(075.8) &#x10E8;&#x2013;66</subfield>
  </datafield>
  <datafield tag="245" ind1=" " ind2=" ">
    <subfield code="a">&#x10E8;&#x10D8;&#x10DC;&#x10D0;&#x10D2;&#x10D0;&#x10DC;&#x10D8; &#x10E1;&#x10DC;&#x10D4;&#x10E3;&#x10DA;&#x10D4;&#x10D1;&#x10D0;&#x10DC;&#x10D8; 2 &#x10E2;&#x10DD;&#x10DB;&#x10D0;&#x10D3; :</subfield>
    <subfield code="b">, &#x10D9;&#x10DD;&#x10DB;&#x10DE;&#x10D0;&#x10E5;&#x10E2;-&#x10D3;&#x10D8;&#x10E1;&#x10D9;&#x10D4;&#x10D1;&#x10D8;&#x10D7;. &#x10E2;. 2  /</subfield>
    <subfield code="c">&#x10DB;&#x10D7;.&#x10E0;&#x10D4;&#x10D3; : &#x10DC;&#x10DD;&#x10D3;&#x10D0;&#x10E0; &#x10D4;&#x10DB;&#x10E3;&#x10EE;&#x10D5;&#x10D0;&#x10E0;&#x10D8; &#x10D3;&#x10D0; &#x10D3;&#x10D8;&#x10DC;&#x10D0;&#x10E0;&#x10D0; &#x10D9;&#x10D0;&#x10E1;&#x10E0;&#x10D0;&#x10EB;&#x10D4;.</subfield>
  </datafield>
  <datafield tag="250" ind1=" " ind2=" ">
    <subfield code="a">I-&#x10DA;&#x10D8; &#x10D2;&#x10D0;&#x10DB;&#x10DD;&#x10EA;.</subfield>
  </datafield>
  <datafield tag="264" ind1=" " ind2=" ">
    <subfield code="a">&#x10D7;&#x10D1;&#x10D8;&#x10DA;&#x10D8;&#x10E1;&#x10D8; :</subfield>
    <subfield code="b">&#x10DB;&#x10D7;&#x10D0;&#x10EC;&#x10DB;&#x10D8;&#x10DC;&#x10D3;&#x10D4;&#x10DA;&#x10D8;,</subfield>
    <subfield code="c">2009.</subfield>
  </datafield>
  <datafield tag="300" ind1=" " ind2=" ">
    <subfield code="a">940 &#x10D2;&#x10D5;.;</subfield>
    <subfield code="b">+ 1 CD</subfield>
    <subfield code="c">22 &#x10E1;&#x10DB;.</subfield>
  </datafield>
  <datafield tag="490" ind1=" " ind2=" ">
    <subfield code="a">&#x10E1;&#x10D0;&#x10E1;&#x10EC;&#x10D0;&#x10D5;&#x10DA;&#x10DD; &#x10DA;&#x10D8;&#x10E2;&#x10D4;&#x10E0;&#x10D0;&#x10E2;&#x10E3;&#x10E0;&#x10D0;,</subfield>
    <subfield code="x">ISSN 1512-3103</subfield>
  </datafield>
  <datafield tag="653" ind1=" " ind2=" ">
    <subfield code="a">&#x10E8;&#x10D8;&#x10DC;&#x10D0;&#x10D2;&#x10D0;&#x10DC;&#x10D8; &#x10E1;&#x10DC;&#x10D4;&#x10E3;&#x10DA;&#x10D4;&#x10D1;&#x10D0;&#x10DC;&#x10D8;</subfield>
  </datafield>
  <datafield tag="653" ind1=" " ind2=" ">
    <subfield code="a">&#x10DB;&#x10D4;&#x10D3;&#x10D8;&#x10EA;&#x10D8;&#x10DC;&#x10D0;</subfield>
  </datafield>
  <datafield tag="700" ind1=" " ind2=" ">
    <subfield code="a"> &#x10D4;&#x10DB;&#x10E3;&#x10EE;&#x10D5;&#x10D0;&#x10E0;&#x10D8;, &#x10DC;&#x10DD;&#x10D3;&#x10D0;&#x10E0;</subfield>
    <subfield code="e">&#x10E0;&#x10D4;&#x10D3;&#x10D0;&#x10E5;&#x10E2;&#x10DD;&#x10E0;&#x10D8;</subfield>
    <subfield code="9">6345</subfield>
  </datafield>
  <datafield tag="700" ind1=" " ind2=" ">
    <subfield code="a">&#x10D9;&#x10D0;&#x10E1;&#x10E0;&#x10D0;&#x10EB;&#x10D4;, &#x10D3;&#x10D8;&#x10DC;&#x10D0;&#x10E0;&#x10D0;</subfield>
    <subfield code="e">&#x10E0;&#x10D4;&#x10D3;&#x10D0;&#x10E5;&#x10E2;&#x10DD;&#x10E0;&#x10D8;</subfield>
    <subfield code="9">6346</subfield>
  </datafield>
  <datafield tag="942" ind1=" " ind2=" ">
    <subfield code="c">BK</subfield>
    <subfield code="2">udc</subfield>
  </datafield>
  <datafield tag="952" ind1=" " ind2=" ">
    <subfield code="0">0</subfield>
    <subfield code="1">0</subfield>
    <subfield code="2">udc</subfield>
    <subfield code="4">0</subfield>
    <subfield code="6">6160758616307586136207586158740758_&#x10E8;66</subfield>
    <subfield code="7">0</subfield>
    <subfield code="9">32760</subfield>
    <subfield code="a">CPL</subfield>
    <subfield code="b">CPL</subfield>
    <subfield code="c">GEN</subfield>
    <subfield code="d">2018-12-17</subfield>
    <subfield code="g">40.00</subfield>
    <subfield code="o">616(075.8)+616.3(075.8)+613.62(075.8)615.874(075.8) &#x10E8;&#x2013;66</subfield>
    <subfield code="p">160</subfield>
    <subfield code="r">2018-12-17</subfield>
    <subfield code="t">160</subfield>
    <subfield code="w">2018-12-17</subfield>
    <subfield code="y">BK</subfield>
    <subfield code="z">40.00</subfield>
  </datafield>
  <datafield tag="952" ind1=" " ind2=" ">
    <subfield code="0">0</subfield>
    <subfield code="1">0</subfield>
    <subfield code="2">udc</subfield>
    <subfield code="4">0</subfield>
    <subfield code="6">6160758616307586136207586158740758_&#x10E8;66</subfield>
    <subfield code="7">0</subfield>
    <subfield code="9">32761</subfield>
    <subfield code="a">CPL</subfield>
    <subfield code="b">CPL</subfield>
    <subfield code="c">GEN</subfield>
    <subfield code="d">2018-12-17</subfield>
    <subfield code="g">40.00</subfield>
    <subfield code="o">616(075.8)+616.3(075.8)+613.62(075.8)615.874(075.8) &#x10E8;&#x2013;66</subfield>
    <subfield code="p">159</subfield>
    <subfield code="r">2018-12-17</subfield>
    <subfield code="t">159</subfield>
    <subfield code="w">2018-12-17</subfield>
    <subfield code="y">BK</subfield>
    <subfield code="z">40.00</subfield>
  </datafield>
  <datafield tag="952" ind1=" " ind2=" ">
    <subfield code="0">0</subfield>
    <subfield code="1">0</subfield>
    <subfield code="2">udc</subfield>
    <subfield code="4">0</subfield>
    <subfield code="6">6160758616307586136207586158740758_&#x10E8;66</subfield>
    <subfield code="7">0</subfield>
    <subfield code="9">32762</subfield>
    <subfield code="a">CPL</subfield>
    <subfield code="b">CPL</subfield>
    <subfield code="c">GEN</subfield>
    <subfield code="d">2018-12-17</subfield>
    <subfield code="g">40.00</subfield>
    <subfield code="o">616(075.8)+616.3(075.8)+613.62(075.8)615.874(075.8) &#x10E8;&#x2013;66</subfield>
    <subfield code="p">158</subfield>
    <subfield code="r">2018-12-17</subfield>
    <subfield code="t">158</subfield>
    <subfield code="w">2018-12-17</subfield>
    <subfield code="y">BK</subfield>
    <subfield code="z">40.00</subfield>
  </datafield>
  <datafield tag="952" ind1=" " ind2=" ">
    <subfield code="0">0</subfield>
    <subfield code="1">0</subfield>
    <subfield code="2">udc</subfield>
    <subfield code="4">0</subfield>
    <subfield code="6">6160758616307586136207586158740758_&#x10E8;66</subfield>
    <subfield code="7">0</subfield>
    <subfield code="9">32763</subfield>
    <subfield code="a">CPL</subfield>
    <subfield code="b">CPL</subfield>
    <subfield code="c">GEN</subfield>
    <subfield code="d">2018-12-17</subfield>
    <subfield code="g">40.00</subfield>
    <subfield code="o">616(075.8)+616.3(075.8)+613.62(075.8)615.874(075.8) &#x10E8;&#x2013;66</subfield>
    <subfield code="p">157</subfield>
    <subfield code="r">2018-12-17</subfield>
    <subfield code="t">157</subfield>
    <subfield code="w">2018-12-17</subfield>
    <subfield code="y">BK</subfield>
    <subfield code="z">40.00</subfield>
  </datafield>
  <datafield tag="952" ind1=" " ind2=" ">
    <subfield code="0">0</subfield>
    <subfield code="1">0</subfield>
    <subfield code="2">udc</subfield>
    <subfield code="4">0</subfield>
    <subfield code="6">6160758616307586136207586158740758_&#x10E8;66</subfield>
    <subfield code="7">0</subfield>
    <subfield code="9">32764</subfield>
    <subfield code="a">CPL</subfield>
    <subfield code="b">CPL</subfield>
    <subfield code="c">GEN</subfield>
    <subfield code="d">2018-12-17</subfield>
    <subfield code="g">40.00</subfield>
    <subfield code="o">616(075.8)+616.3(075.8)+613.62(075.8)615.874(075.8) &#x10E8;&#x2013;66</subfield>
    <subfield code="p">156</subfield>
    <subfield code="r">2018-12-17</subfield>
    <subfield code="t">155</subfield>
    <subfield code="w">2018-12-17</subfield>
    <subfield code="y">BK</subfield>
    <subfield code="z">40.00</subfield>
  </datafield>
  <datafield tag="952" ind1=" " ind2=" ">
    <subfield code="0">0</subfield>
    <subfield code="1">0</subfield>
    <subfield code="2">udc</subfield>
    <subfield code="4">0</subfield>
    <subfield code="6">6160758616307586136207586158740758_&#x10E8;66</subfield>
    <subfield code="7">0</subfield>
    <subfield code="9">32765</subfield>
    <subfield code="a">CPL</subfield>
    <subfield code="b">CPL</subfield>
    <subfield code="c">GEN</subfield>
    <subfield code="d">2018-12-17</subfield>
    <subfield code="g">40.00</subfield>
    <subfield code="o">616(075.8)+616.3(075.8)+613.62(075.8)615.874(075.8) &#x10E8;&#x2013;66</subfield>
    <subfield code="p">155</subfield>
    <subfield code="r">2018-12-17</subfield>
    <subfield code="t">155</subfield>
    <subfield code="w">2018-12-17</subfield>
    <subfield code="y">BK</subfield>
    <subfield code="z">40.00</subfield>
  </datafield>
  <datafield tag="952" ind1=" " ind2=" ">
    <subfield code="0">0</subfield>
    <subfield code="1">0</subfield>
    <subfield code="2">udc</subfield>
    <subfield code="4">0</subfield>
    <subfield code="6">6160758616307586136207586158740758_&#x10E8;66</subfield>
    <subfield code="7">0</subfield>
    <subfield code="9">32766</subfield>
    <subfield code="a">CPL</subfield>
    <subfield code="b">CPL</subfield>
    <subfield code="c">GEN</subfield>
    <subfield code="d">2018-12-17</subfield>
    <subfield code="g">40.00</subfield>
    <subfield code="o">616(075.8)+616.3(075.8)+613.62(075.8)615.874(075.8) &#x10E8;&#x2013;66</subfield>
    <subfield code="p">154</subfield>
    <subfield code="r">2018-12-17</subfield>
    <subfield code="t">154</subfield>
    <subfield code="w">2018-12-17</subfield>
    <subfield code="y">BK</subfield>
    <subfield code="z">40.00</subfield>
  </datafield>
  <datafield tag="952" ind1=" " ind2=" ">
    <subfield code="0">0</subfield>
    <subfield code="1">0</subfield>
    <subfield code="2">udc</subfield>
    <subfield code="4">0</subfield>
    <subfield code="6">6160758616307586136207586158740758_&#x10E8;66</subfield>
    <subfield code="7">0</subfield>
    <subfield code="9">32767</subfield>
    <subfield code="a">CPL</subfield>
    <subfield code="b">CPL</subfield>
    <subfield code="c">GEN</subfield>
    <subfield code="d">2018-12-17</subfield>
    <subfield code="g">40.00</subfield>
    <subfield code="o">616(075.8)+616.3(075.8)+613.62(075.8)615.874(075.8) &#x10E8;&#x2013;66</subfield>
    <subfield code="p">153</subfield>
    <subfield code="r">2018-12-17</subfield>
    <subfield code="t">153</subfield>
    <subfield code="w">2018-12-17</subfield>
    <subfield code="y">BK</subfield>
    <subfield code="z">40.00</subfield>
  </datafield>
</record>
